Amazing grace; (Record no. 3408)

MARC details
000 -LEADER
fixed length control field 00513nam a2200169Ia 4500
003 - CONTROL NUMBER IDENTIFIER
control field GBCCL
005 - DATE AND TIME OF LATEST TRANSACTION
control field 20241126110454.0
008 - FIXED-LENGTH DATA ELEMENTS--GENERAL INFORMATION
fixed length control field 171127b xxu||||| |||| 00| 0 eng d
040 ## - CATALOGING SOURCE
Transcribing agency gbc
082 ## - DEWEY DECIMAL CLASSIFICATION NUMBER
Classification number 254.109596
Item number CAR
100 ## - MAIN ENTRY--PERSONAL NAME
Personal name Carlton, R. Bruce
9 (RLIN) 6938
245 ## - TITLE STATEMENT
Title Amazing grace;
Remainder of title Lessons on Church planting movements from Cambodia /
Statement of responsibility, etc. R. Bruce Carlton
260 ## - PUBLICATION, DISTRIBUTION, ETC.
Place of publication, distribution, etc. Chennai:
Name of publisher, distributor, etc. Mission Educational Books,
Date of publication, distribution, etc. 2000
300 ## - PHYSICAL DESCRIPTION
Extent 157p.;
Dimensions 22 cm.
650 ## - SUBJECT ADDED ENTRY--TOPICAL TERM
Topical term or geographic name entry element Church Planting
Geographic subdivision Cambodia
9 (RLIN) 6939
942 ## - ADDED ENTRY ELEMENTS (KOHA)
Source of classification or shelving scheme Dewey Decimal Classification
Koha item type Books
Koha issues (borrowed), all copies 2
Holdings
Withdrawn status Lost status Source of classification or shelving scheme Damaged status Not for loan Home library Current Library Shelving location Date acquired Total checkouts Full call number Barcode Date last seen Copy number Price effective from Koha item type Date last checked out
    Dewey Decimal Classification     GRACE BIBLE COLLEGE GRACE BIBLE COLLEGE Ministry & Mission 2017-11-27   254.109596 CAR 006957 2025-05-01 c.2 2017-11-27 Books  
    Dewey Decimal Classification     GRACE BIBLE COLLEGE GRACE BIBLE COLLEGE Ministry & Mission 2018-01-17 2 254.109596 CAR 006955 2025-05-01 c.1 2018-01-17 Books 2018-10-18
© Grace Bible College Library 2025